Librería de escribanos, é instrucción jurídica theorico de practica de principiantes (Record no. 8687)
[ view plain ]
| 000 -CABECERA | |
|---|---|
| campo de control de longitud fija | 01213nam a2200229 a 4500 |
| 001 - NÚMERO DE CONTROL | |
| campo de control | BRCA_9037 |
| 005 - FECHA Y HORA DE LA ÚLTIMA TRANSACCIÓN | |
| campo de control | 20190320210513.0 |
| 008 - DATOS DE LONGITUD FIJA--INFORMACIÓN GENERAL | |
| campo de control de longitud fija | 160817s1790----sp-#######---#000-0#spa-# |
| 041 ## - CÓDIGO DE LENGUA | |
| Código de lengua del texto/banda sonora o título independiente | spa |
| 044 ## - CÓDIGO DEL PAÍS DE LA ENTIDAD EDITORA/PRODUCTORA | |
| Código MARC del país | sp |
| 084 ## - OTRO NÚMERO DE CLASIFICACIÓN | |
| Número de clasificación | CO64 |
| Número de documento/Ítem | .F43 1790 |
| 100 1# - ENTRADA PRINCIPAL--NOMBRE DE PERSONA | |
| Nombre de persona | Febrero, Josef |
| 9 (RLIN) | 21692 |
| 245 10 - MENCIÓN DE TÍTULO | |
| Título | Librería de escribanos, é instrucción jurídica theorico de practica de principiantes |
| Resto del título | parte segunda dividida en tres libros:trata de los cinco juicios de inventario, y participación de bienes de difunto, ordinario, executivo, y de concurso, y prelación de acreedores: obra utilísima para toda clase de personas: corregida, mejorada, y adicionada por |
| Mención de responsabilidad, etc. | su autor Don Josef Febrero; libro tercero; tomo segundo; comprehensivo de los juicios ordinario, y executivo, y de la forma de estender las diligencias que en ellos ocurren. |
| 260 ## - PUBLICACIÓN, DISTRIBUCIÓN, ETC. | |
| Lugar de publicación, distribución, etc. | Madrid |
| Nombre del editor, distribuidor, etc. | En la Oficina de la Viuda de Marin |
| Fecha de publicación, distribución, etc. | 1790 |
| 300 ## - DESCRIPCIÓN FÍSICA | |
| Extensión | 446 p. (t.2) |
| Dimensiones | 22 x 16.2 cm |
| 500 ## - NOTA GENERAL | |
| Nota general | Con las licencias necesarias |
| 500 ## - NOTA GENERAL | |
| Nota general | Estado físico: presentan encuadernación en pergamino con cintas |
| 650 14 - PUNTO DE ACCESO ADICIONAL DE MATERIA--TÉRMINO DE MATERIA | |
| Término de materia o nombre geográfico como elemento de entrada | Derecho |
| Subdivisión cronológica | Obras anteriores a 1800 |
| 9 (RLIN) | 22151 |
| 650 14 - PUNTO DE ACCESO ADICIONAL DE MATERIA--TÉRMINO DE MATERIA | |
| Término de materia o nombre geográfico como elemento de entrada | Derecho procesal |
| Subdivisión cronológica | Obras anteriores a 1800 |
| 9 (RLIN) | 21693 |
| 902 ## - CATALOGADOR | |
| Iniciales | CFM |
| 942 ## - ELEMENTOS DE PUNTO DE ACCESO ADICIONAL (KOHA) | |
| Fuente del sistema de clasificación o colocación | Library of Congress Classification |
| Tipo de ítem Koha | Libros |
| Estado de retiro | Estado de pérdida | Estado dañado | No para préstamo | Localización permanente | Ubicación/localización actual | Fecha de adquisición | Total de préstamos | Signatura topográfica completa | Código de barras | Fecha visto por última vez | Precio válido a partir de | Tipo de ítem Koha |
|---|---|---|---|---|---|---|---|---|---|---|---|---|
| El ejemplar forma parte de la colección y puede ser consultado según las políticas vigentes. | Biblioteca del Museo Franz Mayer (Rogerio Casas-Alatriste) | Biblioteca del Museo Franz Mayer (Rogerio Casas-Alatriste) | 16/08/2017 | CO64 .F43 1790 | CFM00359 | 22/03/2019 | 22/03/2019 | Libros |